000 00343nam a22001217a 4500
020 _a9788177221091
082 _222
_a005.10684
100 _aConway, Kieron.
245 _aSoftware project management:
_bFrom concept to development /
260 _aNew Delhi,
_bDreamtech Press,
_cc2007.
300 _axvi,831p. ;
_bill. ;
_c23 cm.
942 _2ddc
_cIT
_07
999 _c837
_d837